Miniature lamps of the Victorian era / (Record no. 21017)

000 -LEADER
fixed length control field 01046cam a22002774a 4500
001 - CONTROL NUMBER
control field 13562993
005 - DATE AND TIME OF LATEST TRANSACTION
control field 20170120161706.0
008 - FIXED-LENGTH DATA ELEMENTS--GENERAL INFORMATION
fixed length control field 040419s2004 paua bc 000 0 eng
010 ## - LIBRARY OF CONGRESS CONTROL NUMBER
LC control number 2004105859
020 ## - INTERNATIONAL STANDARD BOOK NUMBER
International Standard Book Number 0764321048
035 ## - SYSTEM CONTROL NUMBER
System control number (DLC) 2004105859
050 00 - LIBRARY OF CONGRESS CALL NUMBER
Classification number NK8475.L3H84 2004
100 1# - MAIN ENTRY--PERSONAL NAME
Personal name Hulsebus, Marjorie.
245 10 - TITLE STATEMENT
Title Miniature lamps of the Victorian era /
Statement of responsibility, etc. Marjorie Hulsebus.
260 ## - PUBLICATION, DISTRIBUTION, ETC. (IMPRINT)
Place of publication, distribution, etc. Atglen, PA :
Name of publisher, distributor, etc. Schiffer Pub.,
Date of publication, distribution, etc. c2004.
300 ## - PHYSICAL DESCRIPTION
Extent 255, [1] p. :
Other physical details ill. (some col.) ;
Dimensions 24 cm.
440 #2 - SERIES STATEMENT/ADDED ENTRY--TITLE
Title A Schiffer book for collectors
500 ## - GENERAL NOTE
General note "With prices"--Cover.
504 ## - BIBLIOGRAPHY, ETC. NOTE
Bibliography, etc Includes bibliographical references (p. [256]).
650 #0 - SUBJECT ADDED ENTRY--TOPICAL TERM
Topical term or geographic name as entry element Miniature lamps
General subdivision Collectors and collecting
Form subdivision Catalogs.
942 ## - ADDED ENTRY ELEMENTS (KOHA)
Source of classification or shelving scheme
Koha item type Hard Covered Materials
Holdings
Withdrawn status Lost status Source of classification or shelving scheme Damaged status Not for loan Home library Current library Shelving location Date acquired Source of acquisition Total Checkouts Full call number Barcode Date last seen Price effective from Koha item type
          MACHAKOS UNIVERSITY LIBRARY MACHAKOS UNIVERSITY LIBRARY Technical section 20/01/2017 Donation(BFA)   NK8475.L3H84 2004 31039 07/08/2018 20/01/2017 Hard Covered Materials
© Machakos University Library, Along The Highway, Machakos Wote Rd, Machakos, Kenya P.O. Box 136 - 90100 Machakos - Kenya

Tel: ( +254 ) 723 805829 OR Fax : 044-20353 OR Email: library@mksu.ac.ke